LEADER 01115nam a2200265 i 4500 001 991001707879707536 005 20020503152721.0 008 931009s1989 it ||| | ita 020 $a8878600229 035 $ab10261564-39ule_inst 035 $aEXGIL90136$9ExL 040 $aBiblioteca Interfacoltà$bita 100 1 $aPacini, Marcello$06748 245 10$aAbitare il pianeta :$bfuturo demografico, migrazioni e tensioni etniche 260 $aTorino :$bEdizioni della Fondazione Giovanni Agnelli,$c[1989] 300 $a1 v. ;$c21 cm. 500 $a1 : Il mondo arabo, l'Italia e l'Europa / scritti di Marcello Pacini ... [et al.]. - Torino : Edizioni della Fondazione Giovanni Agnelli, [1989]. - 539 p. : ill. ; 21 cm 650 4$aMigrazioni - Previsioni 650 4$aPopolazione - Previsioni 907 $a.b10261564$b02-04-14$c27-06-02 912 $a991001707879707536 945 $aLE002 St. XXIV A 4/I$g1$i2002000724229$lle002$o-$pE0.00$q-$rl$s- $t0$u1$v0$w1$x0$y.i10312110$z27-06-02 996 $aAbitare il pianeta$9211360 997 $aUNISALENTO 998 $ale002$b01-01-93$cm$da $e-$fita$git $h0$i1 LEADER 01200nam0 22002891i 450 001 UON00474953 005 20231205105223.939 010 $a978-88-7578-316-7 100 $a20170309d2012 |0itac50 ba 101 $aita 102 $aIT 105 $a|||| ||||| 200 1 $aˆLa ‰stanza intelligente$ela conoscenza come proprietà della rete$fDavid Weinberger 210 $aTorino$cCodice ed.$d2012 215 $aXV, 271 p.$d22 cm. 606 $aConoscenza$3UONC042777$2FI 606 $aINTERNET$xFilosofia$3UONC068254$2FI 620 $aIT$dTorino$3UONL000014 700 1$aWeinberger$bDavid$3UONV234574$0473230 712 $aCodice edizioni$3UONV270736$4650 801 $aIT$bSOL$c20250627$gRICA 899 $aSIBA - SISTEMA BIBLIOTECARIO DI ATENEO$2UONSI 912 $aUON00474953 950 $aSIBA - SISTEMA BIBLIOTECARIO DI ATENEO$dSI A 2.0 0195 $eSI 21723 5 0195 $sBuono 951 $aSIBA - SISTEMA BIBLIOTECARIO DI ATENEO$bSI2017155 1J 20170309 996 $aStanza intelligente$9264985 997 $aUNIOR